000 00692nam a22002177a 4500
003 OSt
005 20140310181736.0
008 130320t xxu||||| |||| 00| 0 eng d
020 _a0917846796
050 _aZ 678
_b.Sa129 1996
082 _bTR 025.19
_2Sa1 1996
245 _aSmall libraries :
_cDonald J. Sager
_borganization and operation/
260 _aWisonsin :
_bHighsmith Press,
_cc1996.
300 _a100 p. :
_bill. ;
_c28 cm.
500 _aIncludes bibliographical references and index.
520 _a1. Small libraries--United States--Administration 2. Library Science--United States
521 _aFaculty
541 _j1
562 _e1
942 _2lcc
_cBK-TR
_kTR
999 _c2609
_d2609